000 00294nam a2200121Ia 4500
008 231120s2016 xx 000 0 und d
041 _aeng
082 _a751.45
100 _aJULIE COLLINS
245 _aCOLOUR MIXING GUIDE OILS
260 _aSEARCH PRESS
_bSEARCH PRESS
_c2016
300 _aP-48
999 _c933328
_d933328